1221 1452 1965 1722 1385 1852 1728 1544 1904 1331 1822 1308 1820 1597 1644 1541 1047 1611 1975 1971 1526 1488 1622 1509 1865 1973 1305 1827 1980 1837 1540 1488 1370 1600 1431 1705 1393 1212 1225 1541 1562 1777 1794 1992 1027 1397 1205 1154 1985 1920 1324 1374 1818 1733 1308 1133 1787 1737 1514 1354 1555 1107 1637 1335 1015 1036 1880 1058 1997 1741 1064 1174 1786 1431 1639 1841 1536 1955 1210 1794 1545 1566 1240 1121 1415 1541 1738 1330 1627 1823 1547 1460 1612 1256 1706 1047 1880 1675 1237 BCNSPRNW ULIB Ver.6.0+V

เปลี่ยนเป็นภาษาไทย

Change to English
 แสดงรายละเอียดบรรณานุกรม
  กลับหน้าหลัก

Brief Record : Get Marc (ISO 2709) : E-mail record : QR code < ปิดหน้าต่าง
LEADER : 00000nam 2200000uu 4500
001    13399107988
003     ULIB
008    110214s2544||||th 000 0 tha d
020    9746057723(ล.2)
060 04 WY161^bช317ต ล.2 2544
245 00 ตำราการพยาบาลผู้ป่วยผู้ใหญ่ 2 (ทางศัลยศาสตร์) /^cช่อลดาพันธุเสนา, บรรณาธิการ
250    พิมพ์ครั้งที่ 3 (ปรับปรุงครั้งที่ 1)
260    สงขลา :^bภาควิชาการพยาบาลศัลยศาสตร์ คณะพยาบาลศาสตร์มหาวิทยาลัยสงขลานครินทร์,^c2544
300    ก-ฉ, 357 หน้า :^bภาพประกอบ ;^c26 ซม.
504    บรรณานุกรมและดรรชนี
650  2 Perioperative Nursing
650  7 การพยาบาลศัลยศาสตร์^xตำราทางการพยาบาล
700 0  ช่อลดา พันธุเสนา,^eบรรณาธิการ
710 2  มหาวิทยาลัยสงขลานครินทร์. ^bคณะพยาบาลศาสตร์.^bภาควิชาการพยาบาลศัลยศาสตร์
945    ^p250^l0^i015063
945    ^p250^l0^i015062
945    ^p250^l0^i015061
995    ทศพร
999 ^a ใช้งานได้ทุกระบบ
รายการนี้ยังไม่มีแท็ก
คุณยังไม่ได้ล็อกอิน คุณสามารถมีกิจกรรมร่วมกับเว็บไซต์ได้ แต่ต้องล็อกอินก่อน ::
  ล็อกอิน

รายการสื่อสารสนเทศ

ลำดับที่ ประเภท เลขเรียก/บาร์โค้ด สถานที่ สถานะ
- ไม่พบข้อมูล -

รายการใกล้เคียง
    หัวเรื่อง [Perioperative Nursing]

BibComment


ยังไม่เคยถูกคอมเมนท์

คอมเมนท์ทรัพยากรรายการนี้
  คอมเมนท์: ตำราการพยาบาลผู้ป..


 Copyright 2026. Bcnsprnw @Library